Oeuvres de Jean Racine (Record no. 162875)
[ view plain ]
| 000 -LEADER | |
|---|---|
| campo de control de longitud fija | 00782nam a22002175i 4500 |
| 001 - NÚMERO DE CONTROL | |
| campo de control | 162875 |
| 003 - IDENTIFICADOR DE NÚMERO DE CONTROL | |
| campo de control | ES-MaACL |
| 005 - FECHA Y HORA DE LA ÚLTIMA TRANSACCIÓN | |
| campo de control | 20251015063142.0 |
| 008 - DATOS DE LONGITUD FIJA--INFORMACIÓN GENERAL | |
| campo de control de longitud fija | 010704s1799 fr |||| | fre d |
| 040 ## - FUENTE DE CATALOGACIÓN | |
| Centro catalogador/agencia de origen | CCPB | B |
| Lengua de catalogación | spa |
| Centro/agencia transcriptor | CCPB | B |
| 100 ## - ENTRADA PRINCIPAL--NOMBRE DE PERSONA | |
| Nombre de persona | Racine, Jean, |
| Fechas asociadas al nombre | 1639-1699 |
| 9 (RLIN) | 94887 |
| 245 10 - MENCIÓN DEL TÍTULO | |
| Título | Oeuvres de Jean Racine |
| Resto del título | : tome cinquieme. |
| 250 ## - MENCION DE EDICION | |
| Mención de edición | Edition stereotype. |
| 260 ## - PUBLICACIÓN, DISTRIBUCIÓN, ETC. | |
| Lugar de publicación, distribución, etc. | A Paris : |
| Nombre del editor, distribuidor, etc. | de l'imprimerie de P. Didot l'aîné ..., |
| Fecha de publicación, distribución, etc. | an VII [1799] |
| 300 ## - DESCRIPCIÓN FÍSICA | |
| Extensión | 317, [3] p. ; |
| Dimensiones | 12º. |
| 596 ## - NOTA AL PIE DE IMPRENTA | |
| NOTA AL PIE DE IMPRENTA | Marca tip. en port. |
| 597 ## - NOTA DE DESCRIPCIÓN FÍSICA | |
| NOTA DE DESCRIPCIÓN FÍSICA | Sign.: 1-26\p6\s, 27\p4\s. |
| 852 ## - LOCALIZACIÓN | |
| Ubicación | ES-MaACL |
| Número de control de estantería | R-1694-98 |
| Nota libre | -- Enc. pasta española |
| Encuadernación | Olim: F-698-702 |
| 852 ## - LOCALIZACIÓN | |
| Ubicación | ES-MaACL |
| Número de control de estantería | R-1672-76 |
| Nota libre | -- Enc. pasta española |
| Encuadernación | -- Olim: F-620-24 |
| Estatus retirado | Estado de pérdida | Estado de daño | No para préstamo | Colección | Biblioteca de origen | Biblioteca actual | Ubicación en estantería | Fecha de adquisición | Total de préstamos | Signatura topográfica completa | Código de barras | Visto por última vez | Precio de reemplazo | Tipo de ítem Koha |
|---|---|---|---|---|---|---|---|---|---|---|---|---|---|---|
| Libros del s. XVIII | Biblioteca del Ateneo de Madrid | Biblioteca del Ateneo de Madrid | Depósito | 17/01/2008 | R-1672-76 | 1170654 | 23/02/2023 | 23/02/2023 | Libro impreso antiguo | |||||
| Libros del s. XVIII | Biblioteca del Ateneo de Madrid | Biblioteca del Ateneo de Madrid | Depósito | 17/01/2008 | R-1694-98 | 1170653 | 23/02/2023 | 23/02/2023 | Libro impreso antiguo |
